000 00944nam a2200301 i 4500
001 000011598
003 DO-SdBNP
005 20251029110901.0
007 ta
008 091021s2001 dr 000 0 spa d
020 _a9993483702
040 _aDO-SdBNP
_bspa
_cBNPHU
_erda
041 _aspa
082 4 _aRD863.44
_bA282o
_222
100 1 _aAguasvivas, Freddy,
_d1956-
_912355
_eautor
245 1 3 _aEl olor del olvido /
_cFreddy Aguasvivas.
264 1 _aSanto Domingo :
_bCOSOASA,
_bCorripio,
_c2001.
300 _a336 páginas ;
_c23 cm.
336 _2rdacontent
_atexto
_btxt
337 _2rdamedia
_asin mediación
_bn
338 _2rdacarrier
_avolumen
_bnc
590 _aInventariado, 2019 / DG
650 0 _aNovela histórica dominicana.
_9860
650 0 _aLiteratura dominicana.
_967
710 1 _aComunicaciones Sociales & Asesorías S. A. COSOASA.
_984754
910 _aValidado. Control de calidad BNPHU
942 _2ddc
_cLBS1
999 _c11293
_d11293